000
00370nam a22001337a 4500
082
_a
343.54910968 ABI
100
_a
Abid, Adeel
245
_a
The Maritime Laws Of Pakistan /
_c
Adeel Abid
260
_a
Karachi :
_b
Pakistan Law House,
_c
2014.
300
_a
375 p. ;
_c
24 cm.
942
_2
ddc
_c
BK
999
_c
587090
_d
587090